| 000 | 00924nam a2200265 u 4500 | ||
|---|---|---|---|
| 001 | 000038010 | ||
| 003 | OSt | ||
| 005 | 20210513135431.0 | ||
| 008 | 090703s1986 dr r 000 0 spa d | ||
| 040 |
_aDO-SdBNP _bspa _cBNPHU |
||
| 041 | 1 | 7 |
_aspa _aeng |
| 082 | 4 |
_a336.3435 _bG956g,1986 _222 |
|
| 100 | 1 |
_aGuiliani Cury, Hugo. _96465 |
|
| 245 | 1 | 0 |
_aGlosario de términos de renegociacíon de deuda externa = _bGlossary of external debt renegotiation / _cHugo Guiliani Cury. |
| 246 | 1 | 0 | _aGlossary of external debt renegotiation |
| 250 | _a2a. ed. | ||
| 260 |
_aSanto Domingo : _bBanco Central de la República Dominicana, _c1986. |
||
| 300 |
_a84 p ; _c21 cm. |
||
| 500 | _aTexto en español e inglés | ||
| 546 | _aTexto en español e inglés | ||
| 590 | _aInventariado, 2018/LP | ||
| 650 | 4 |
_aDeuda externa _xGlosario, vocabularios, etc. _98601 |
|
| 910 | _aValidado. Control de calidad MMOLINA | ||
| 942 |
_2ddc _cLF1 |
||
| 999 |
_c37500 _d37500 |
||